Toutes les vidéos de Joueur du Grenier - Statistiques

Statistiques générales
  • Ce quiz a été pris 51 fois
  • Le résultat moyen est 26 sur 161
Statistiques - réponses
Type de vidéo Réponse % Correct
JDG Tintin au Tibet
65%
HS Dessins animés
54%
JDG Dragonball
42%
HS Dragon Ball
42%
JDG Harry Potter
42%
JDG Les chevaliers du zodiaque
42%
PG Pokemon Rouge
42%
JDG Dragon's Lair
38%
PG RollerCoaster Tycoon
38%
HS Téléchat
38%
HS Dessins animés pour filles
35%
JDG Les RPG
35%
PG Sim City
35%
PG The Witcher
35%
HS Tortues Ninja
35%
PG Final Fantasy VII
31%
JDG Link : Faces of Evil
31%
JDG Terminator
31%
JDG Astérix and the great rescue
27%
JDG Barbie
27%
JDG Castlevania
27%
PG Cyberpunk 2077
27%
JDG Dark Castle
27%
HS Dessins animés pour garçons
27%
PG Fallout 3
27%
JDG Fort Boyard
27%
JDG Jurassic Park
27%
JDG Les jeux de sports
27%
JDG Les jeux DIsney
27%
PG Resident evil
27%
HS Resident Evil
27%
JDG RPG 2
27%
JDG RPG 3
27%
JDG 11 ans de JDG - Partie 1
23%
JDG 11 ans de JDG - Partie 2
23%
JDG Cool World
23%
JDG De la 2D à la 3D
23%
JDG Last Battle
23%
HS Les publicités
23%
HS Les publicités 2
23%
HS Les pubs de jeux vidéos
23%
JDG Les schtroumpfs
23%
HS Les super-héros
23%
PG Mass Effect
23%
JDG Nightmare Circus
23%
JDG Rambo
23%
JDG Robin des bois
23%
JDG Star Wars
23%
JDG Tortue Ninja
23%
JDG Virus
23%
JDG Young Indiana Jones
23%
JDG Atari 2600
19%
JDG Batman & Robin
19%
JDG Des jeux en vrac
19%
JDG Ecco le dauphin
19%
JDG Enter the Matrix
19%
HS Les dessins animés des années 2000
19%
HS Les pubs des années 2000
19%
JDG Roger Rabbit
19%
JDG Spirou
19%
JDG Sword of Sodan
19%
JDG Ultraman
19%
PG Zelda, l'enquête exclusive
19%
HS Captain America avant qu'il soit cool
15%
JDG Captain Planet
15%
JDG Des jeux japonais en vrac
15%
HS Dessins animés sportifs
15%
PG Goldeneye 64
15%
PG Hitman
15%
JDG James Bond Junior
15%
JDG La 6eme génération de console
15%
JDG Les jeux de baston 2eme édition
15%
JDG Les jeux de comics 1
15%
JDG Les jeux de comics 2
15%
JDG Les jeux famille Addams
15%
JDG Les visiteurs / Astérix contre César
15%
JDG Men in black
15%
PG Metal Gear Solid
15%
JDG Saint-Valentin
15%
PG Skyrim
15%
JDG Waterworld
15%
JDG Daikatana
12%
JDG Des jeux et du Metal
12%
PG GTA San Andreas
12%
PG Half Life
12%
JDG Home Alone
12%
JDG Le retour de Superman
12%
HS Les films Donjons et Dragons
12%
JDG Les jeux Phoenix Games
12%
HS Les Sitcoms AB Prod
12%
JDG Mission impossible
12%
JDG Pacman the new adventures
12%
JDG Power rangers lightspeed rescue
12%
JDG Retour vers le futur II
12%
JDG Scooby-Doo
12%
JDG Total Recall
12%
JDG Vrac N°2 spécial films
12%
PG World of Warcraft
12%
JDG X-perts
12%
JDG Airwolf
8%
JDG Alex Kidd in high tech world & Prince of Persia 2
8%
JDG Bart vs Space mutants
8%
JDG Daemon Summoner
8%
JDG Des jeux Color Dreams
8%
HS Dessins animés basés sur des jouets
8%
JDG Duke Nukem Forever
8%
JDG Excalibur 2555 A.D
8%
PG Hogwarts Legacy
8%
FAQ La FAQ chiante du grenier
8%
HS La guerre des dessins-animés
8%
JDG Les Beat them up
8%
HS Les Dramas/Live-actions
8%
JDG Les jeux en FMV
8%
JDG Les jeux sur la Bible
8%
JDG Les pires accessoires Nintendo
8%
HS Les pires plagiats de Disney
8%
HS Les pires spécial Noël
8%
HS Les séries des années 80 (spécial Glen Larson)
8%
JDG Miami vice & K2000
8%
JDG Platoon & Metal Gear
8%
JDG Retour vers le futur III
8%
JDG Ride to Hell Retribution
8%
JDG Robocop
8%
JDG Silent Service & Infiltrator
8%
PG Street of Rage
8%
JDG Superman 64 & Batman Forever
8%
JDG Takeshi's Challenge N°1
8%
JDG Takeshi's Challenge partie 2
8%
JDG Tomb Raider - à la poursuite du mystérieux Dollar vert
8%
Bonus Top les années 90 c'était pas mieux
8%
JDG Vendredi 13 et Dr Jekyll & Mister Hyde
8%
Bonus Visite aux studios Pixar pour Cars 2
8%
HS Adaptations de jeux vidéos
4%
Annonce Annonce et Infos
4%
Annonce Annonce et vacances
4%
JDG Anti Terror Force
4%
HS Emissions et dessins animés 2
4%
JDG Gameboy et Dragon's Lair
4%
Bonus JDG studio tour 2021
4%
FAQ Joueur du Grenier répond à toutes vos questions
4%
JDG La console 3DO
4%
HS Les émissions jeunesse étrangères
4%
HS Les étranges VHS de Noël
4%
Annonce Le site internet Joueur du Grenier est là
4%
JDG Les jeux FMV 2
4%
JDG Les jeux Ghostbusters
4%
JDG Les jeux pour fille sur Wii
4%
JDG Les simulations
4%
HS L'horrible JEM et les Hologrammes (le film)
4%
Bonus Making of - Joueur du Grenier Harry Potter
4%
Bonus Making of RPG 3
4%
JDG Mortal Kombat mythologies : Sub-Zero & le 5eme élément
4%
Annonce Quelques infos importantes
4%
Bonus Remerciements 1 million d'abonnés
4%
JDG Road Runner & Tazmania
4%
Annonce Teaser du prochain Retro Game Test
4%
Annonce Annonce importante ! La 2eme chaine Joueur du grenier est là
0%
JDG FBI Hostage rescue
0%
FAQ Joueur du grenier répond à toutes vos questions N°2
0%
Annonce Luttons contre ACTA
0%
Bonus Pub DVD Joueur du Grenier ! c'est trop chan-mé
0%
Aucun quiz correspondant
Distribution des résultats
% des personnes avec chaque résultat
Percentile par nombre de réponses
Votre historique - résultats
Vous n’avez pas pris ce quiz